Hombre, sociedad y religión en la novelística Galdosiana 1888-1905
Tallennettuna:
| Päätekijä: | |
|---|---|
| Aineistotyyppi: | Kirja |
| Kieli: | espanja |
| Julkaistu: |
Salamanca
Universidad de Salamanca
1981
|
| Aiheet: | |
| Tagit: |
Lisää tagi
Ei tageja, Lisää ensimmäinen tagi!
|
MARC
| LEADER | 00000nam a2200000 a 4500 | ||
|---|---|---|---|
| 001 | UCT7376 | ||
| 003 | CL-VaPUC | ||
| 008 | 970117e19810000SP |||||||||||||||||spa|d | ||
| 082 | 0 | 4 | |a 860.9 |b MOR |2 21 |
| 100 | 0 | |a Mora García, José Luis |e author |9 378318 | |
| 245 | 1 | 0 | |a Hombre, sociedad y religión en la novelística Galdosiana 1888-1905 |
| 300 | |a 218 p | ||
| 942 | |c BK | ||
| 945 | |d 19970117 00:00:00 |a nastorga | ||
| 260 | |a Salamanca |b Universidad de Salamanca |c 1981 | ||
| 600 | 0 | 7 | |a PEREZ GALDOS, BENITO |2 CL-VaPUC |9 318144 |
| 650 | 7 | |a NOVELA ESPAÑOLA |2 CL-VaPUC |9 313139 | |
| 650 | 0 | |a Historia y crítica |9 257407 | |
| 650 | 7 | |a HOMBRE |2 CL-VaPUC |9 262149 | |
| 650 | 0 | |a Sociedad |9 307903 | |
| 650 | 0 | |a Religión |9 255164 | |
| 650 | 0 | |a Iglesia |9 255004 | |
| 650 | 7 | |a PODER |2 CL-VaPUC |9 378319 | |
| 650 | 0 | |a Humanismo |9 256530 | |
| 650 | 0 | |a Naturaleza |9 269656 | |
| 650 | 0 | |a Muerte |9 265114 | |
| 650 | 0 | |a Sociología |9 255410 | |
| 650 | 7 | |a LENGUAJE LITERARIO |2 CL-VaPUC |9 330195 | |
| 650 | 0 | |a Espiritualidad |9 267331 | |
| 650 | 0 | |a Misticismo |9 265505 | |
| 650 | 0 | |a Ética |9 255099 | |
| 650 | 7 | |a DERECHO |2 CL-VaPUC |9 378320 | |
| 650 | 0 | |a Dios |9 266622 | |
| 583 | |a last modification |c 19970117 00:00:00 |k Rodrigo Vera | ||
| 999 | |c 256002 |d 256000 | ||
| 952 | |0 0 |1 0 |4 0 |6 860_900000000000000_MOR_1981 |7 0 |8 A |9 278515 |a BIBEDU |b BIBEDU |d 2019-11-19 |i 3274217 |o 860.9 MOR 1981 |p 3274217 |r 2019-11-19 |w 2019-11-19 |y BK |k LIT | ||